000 00315nam a22001337a 4500
008 210224b ||||| |||| 00| 0 eng d
020 _a9780763783501
041 _aeng
080 _22th
_a138
100 _a60
101 _aMAR
245 _aEssentials of Health Care Marketing
_cBerkowitz , N.E
942 _2udc
_cBK
999 _c55173
_d55173